Normal view
MARC view
Entry Personal Name
001 - CONTROL NUMBER
- control field: 3620
003 - CONTROL NUMBER IDENTIFIER
- control field: OSt
005 - DATE AND TIME OF LATEST TRANSACTION
- control field: 20180530112720.0
008 - FIXED-LENGTH DATA ELEMENTS
- fixed length control field: 180530|| aca||aabn | a|a d
040 ## - CATALOGING SOURCE
- Original cataloging agency: OSt
- Transcribing agency: OSt
100 ## - HEADING--PERSONAL NAME
- Personal name: Kay, Jim
- Relator term: illustrator
670 ## - SOURCE DATA FOUND
- Source citation: Work cat.: (OSt)23401: Rowling, J. K. 3616, Harry Potter and the chamber of secrets /, 2016.